| 000 | 00559nam a2200169Ia 4500 | ||
|---|---|---|---|
| 005 | 20250424120253.0 | ||
| 008 | 250424s9999 xx 000 0 und d | ||
| 022 | _a21414858 | ||
| 050 | _aHD 9715 .N5 J68/ | ||
| 245 | 0 | _aJournal of building & construction management | |
| 260 | _aYaba, Lagos | ||
| 260 | _bFinancial Management Association international Finman Corporation. | ||
| 260 | _c2014 | ||
| 300 | _aviii, 157 p. : ill. ; 25 cm. | ||
| 650 | _aConstruction industry--Nigeria--Management--Periodicals. Building--Nigeria--Periodicals. | ||
| 942 | _cSR | ||
| 999 |
_c38360 _d38360 |
||